000 00170 a2200097 4500
020 _a9781499810462
041 _aspa
100 _aDisney
245 _aAladdin
942 _cK
999 _c26713
_d26713